happier - Olivia Rodrigo (All Lyrics) - Statistics

General Stats
  • This quiz has been taken 82 times
  • The average score is 230 of 280
Answer Stats
Lyrics % Correct
I
100%
be
98%
happy
98%
happy,
98%
But
96%
but
96%
do
96%
you
96%
You
96%
Your
96%
your
96%
a
94%
don't
94%
hope
94%
We
94%
happier
92%
you're
92%
I'm
90%
know
90%
know,
90%
like
90%
Like
90%
no
90%
not
90%
so
90%
So
90%
were
90%
how
88%
me?
88%
me
88%
the
88%
with
88%
better
87%
go
87%
on,
87%
on
87%
someone
87%
all
85%
her
85%
her,
85%
selfish,
85%
she
85%
She
85%
ago
83%
An
83%
broke
83%
girl
83%
month
83%
One
83%
one
83%
up
83%
And
81%
are
81%
butterflies
81%
can't
81%
find
81%
friends
81%
gives
81%
kind
81%
let
81%
love
81%
she's
81%
to
81%
beautiful
79%
beautiful,
79%
great,
79%
You've
79%
you've
79%
looks
77%
Oh,
77%
probably
77%
wish
77%
best,
75%
ever
75%
mean
75%
most
75%
never
75%
new
75%
tell
75%
when
75%
about
73%
Does
73%
moved
73%
of
73%
pretty
73%
really
73%
seen?
73%
forgot
71%
it
71%
said
71%
think
71%
hands
69%
mine,
69%
now
69%
you'll
69%
bullshit
67%
just
67%
Just
67%
more
67%
Say
67%
sweet,
67%
who
67%
found
65%
my
65%
Remember
65%
brings
63%
heart
63%
in
63%
loved
63%
out
63%
apart
62%
first
62%
believed
60%
was
58%
baby,
56%
our
56%
eternal
54%
meant
54%
past
52%
thought
50%
down
48%
make
48%
From
46%
pickin'
46%
sunlight
46%
miss
44%
cuttin'
40%
fondly
40%
Ooh,
40%
ooh
40%
Ooh
40%
ooh,
40%
will
35%
detached
33%
wretched
33%
No matching quizzes found
Score Distribution
Percent of People with Each Score
Percentile by Number Answered
Your Score History
You have not taken this quiz